| 000 | 01032nam a2200253Ia 4500 | ||
|---|---|---|---|
| 003 | OSt | ||
| 005 | 20221005103153.0 | ||
| 006 | a|||||r|||| 00| 0 | ||
| 007 | ta | ||
| 008 | 221004b |||||||| |||| 00| 0 hin d | ||
| 024 | _a113321 | ||
| 037 | _cTextual | ||
| 040 |
_aCRL _cCRL _bhin |
||
| 041 |
_2hin _ahin |
||
| 082 | _aY1jM92, 152L4 | ||
| 100 | _aसिंघी, भॅंवरमल | ||
| 245 | 0 | _aपद्मभूषण श्री सीताराम सेकसरिया अभिनन्दन - ग्रंथ | |
| 246 | _aPadmabhūṣhaṇ shrī sītārām sekasariyā abhinandan - grantha | ||
| 260 |
_aकलकत्ता _bपद्मभूषण श्री सीताराम सेकसरिया अभिनन्दन समिति भारत _c1974 |
||
| 300 |
_a525पृ0 _ccm. |
||
| 650 | _aभारतीय-लोक साहित्य | ||
| 942 |
_hY1jM92, 152L4 _cTEXL _2cc |
||
| 999 |
_c1009546 _d1009546 |
||